000 00303nam a22001337a 4500
008 180920b xxu||||| |||| 00| 0 eng d
020 _a9780471402404
041 _aeng
080 _a338
100 _a53
101 _aMEN
245 _aCorporate Event Project Management
_cO'Toole,W
942 _2udc
_cBK
999 _c48127
_d48127